00461cam a2200157 a 4500020003200000040000800032082002600040100002600066245006100092250001900153300007000172500001900242650001500261942001000276999001700286 a0697395979 (acidfree paper) cDLC00a540 SIL 2000 C260 Or.1 aSilberberg, Martin S.10aChemistry :bthe molecular nature of matter and change / aSecond edition a1 volume (various pagings) :billustrations (some color) ;c28 cm aIncludes index 0aChemistry. cAEDBB c22281d22281